| 000 | 00804nam a22002537a 4500 | ||
|---|---|---|---|
| 999 |
_c15136 _d15136 |
||
| 003 | AR-CdUCM | ||
| 008 | 190425b ||||| |||| 00| 0 spa d | ||
| 020 | _a978-84-9825-549-2 | ||
| 040 |
_aMUNICIPALIDAD PROVINCIAL DEL CUSCO _cBIBLIOTECA MUNICIPAL DEL CUSCO |
||
| 041 | _heng | ||
| 082 |
_aPI / 803 / _bA78 |
||
| 100 |
_aArthur, Jenny _934154 |
||
| 245 |
_aLos tres cerditos : _bUn libro carrusel / |
||
| 260 |
_aGran Bretaña : _bCaterpillar Books, _bCombel, _c2014. |
||
| 300 |
_bIlustraciones plegables, _c25 cm. |
||
| 500 | _aCuentos Infantiles | ||
| 650 |
_aLos tres cerditos _933843 |
||
| 650 |
_aCuento para niñas (os) _933844 |
||
| 650 |
_aCuento del lobo feroz _933845 |
||
| 650 |
_aHistoria _9136 |
||
| 700 |
_aGil, Carmen _934155 |
||
| 942 |
_2ddc _cLIBROS |
||
| 945 |
_apjha _d2019-04-25 |
||